|
|
|
|
| LEADER |
00000nam a2200000 i 4500 |
| 001 |
1/70255 |
| 008 |
990224s1988 gre d |
| 035 |
|
|
|l 10048053
|
| 040 |
|
|
|a GR-MY-UA
|b gre
|e aacr
|
| 041 |
0 |
|
|a gre
|
| 082 |
0 |
|
|a 808.899282
|
| 100 |
1 |
|
|a Καφαντάρης, Κώστας.
|
| 245 |
1 |
0 |
|a Ελληνικά λαικά παραμύθια /
|c Κώστας Καφαντάρης ; εισαγωγή Μ.Γ. Μερακλής
|
| 260 |
|
|
|a Αθήνα :
|b Οδυσσέας,
|c 1988
|
| 300 |
|
|
|a 2 τ.
|
| 505 |
0 |
|
|a τ.1: Το φιδόδεντρο. - τ.2: Ο φεγγαράς
|
| 650 |
0 |
0 |
|a Fairy tales
|z Greece.
|
| 650 |
0 |
0 |
|a Children's literature, Greek (Modern)
|
| 740 |
0 |
2 |
|a Το φιδόδεντρο
|
| 740 |
0 |
2 |
|a Ο φεγγαράς
|
| 852 |
|
|
|a INST
|b RHODES
|e 19990224
|h 808.899282 ΚΑΦ
|p 005400015528
|q 005400015528
|t BK
|y 0
|z τ.2
|
| 852 |
|
|
|a INST
|b RHODES
|e 19990224
|h 808.899282 ΚΑΦ
|p 005400015535
|q 005400015535
|t BK
|y 0
|z τ.1
|
| 852 |
|
|
|a INST
|b RHODES
|e 19990224
|h 808.899282 ΚΑΦ
|p 005400015528
|q 005400015528
|t BK
|v τ.2:
|y 0
|z τ.2
|
| 852 |
|
|
|a INST
|b RHODES
|e 19990224
|h 808.899282 ΚΑΦ
|p 005400015535
|q 005400015535
|t BK
|v τ.1:
|y 0
|z τ.1
|
| 853 |
|
|
|a INST
|b RHODES
|h 808.899282 ΚΑΦ
|
| 901 |
|
|
|a BIBL-1999-1
|
| 909 |
|
|
|a Ρ
|b 053343
|c 1998
|
| 909 |
|
|
|a Ρ
|b 053344
|c 1998
|
| 922 |
|
|
|a 4ΕΛΗ
|b 199801
|c ΚΠΣ/ΔΕ
|
| 970 |
|
|
|z 2000/07/ΚΑΤΕΡΙΝΑ
|
| 970 |
|
|
|z 2000/06/ΟΙΚΟΝΟΜΟΠΟΥΛΟΥ (SUBJECT)
|